Statystyki dla Szybka matematyka — zmniejsz o połowę tę liczbę!

Kliknij tutaj aby rozwiązać quiz!

Ogólne statystyki

  • Ten quiz został rozwiązany 633 razy
  • Średni wynik to 10 z 20

Statystyki odpowiedzi

numerpołowa% Poprawnych
2010
100%
208104
100%
210105
100%
214107
100%
2211
100%
222111
100%
230115
100%
234117
100%
2412
100%
248124
100%
250125
100%
2613
100%
282141
100%
284142
100%
288144
100%
304152
100%
306153
100%
330165
100%
332166
100%
3417
100%
352176
100%
3618
100%
404202
100%
408204
100%
410205
100%
426213
100%
430215
100%
4422
100%
442221
100%
4623
100%
486243
100%
5025
100%
510255
100%
518259
100%
564282
100%
578289
100%
590295
100%
600300
100%
604302
100%
6432
100%
644322
100%
650325
100%
6633
100%
666333
100%
7035
100%
700350
100%
730365
100%
7437
100%
744372
100%
754377
100%
770385
100%
8040
100%
800400
100%
808404
100%
814407
100%
828414
100%
840420
100%
844422
100%
8643
100%
886443
100%
9045
100%
900450
100%
908454
100%
9246
100%
930465
100%
9447
100%
960480
100%
105
100%
10251
100%
1032516
100%
1046523
100%
1048524
100%
1070535
100%
10854
100%
1082541
100%
1090545
100%
1114557
100%
11457
100%
11658
100%
1190595
100%
126
100%
12261
100%
1226613
100%
1230615
100%
1252626
100%
1260630
100%
1264632
100%
12864
100%
1282641
100%
1300650
100%
1310655
100%
1420710
100%
14472
100%
14673
100%
1478739
100%
1484742
100%
1488744
100%
1502751
100%
168
100%
1600800
100%
16281
100%
1620810
100%
1654827
100%
1704852
100%
1720860
100%
17688
100%
189
100%
1812906
100%
1818909
100%
1840920
100%
1872936
100%
1884942
100%
19095
100%
19296
100%
19497
100%
1946973
100%
19899
100%
228114
92%
1008504
90%
6231
89%
4020
88%
432216
88%
660330
88%
854427
88%
904452
88%
200100
86%
202101
86%
2814
86%
3216
86%
400200
86%
448224
86%
508254
86%
524262
86%
804402
86%
1110555
86%
1402701
86%
206103
83%
212106
83%
240120
83%
244122
83%
3819
83%
4221
83%
428214
83%
456228
83%
468234
83%
490245
83%
500250
83%
620310
83%
634317
83%
642321
83%
6834
83%
7236
83%
820410
83%
8442
83%
880440
83%
1072536
83%
1100550
83%
12462
83%
13065
83%
18090
83%
224112
80%
260130
80%
292146
80%
302151
80%
314157
80%
412206
80%
440220
80%
460230
80%
482241
80%
488244
80%
534267
80%
760380
80%
812406
80%
902451
80%
1062531
80%
1086543
80%
1202601
80%
1216608
80%
1262631
80%
1364682
80%
1656828
80%
1834917
80%
1950975
80%
204102
78%
300150
78%
362181
78%
550275
78%
256128
75%
258129
75%
266133
75%
360180
75%
370185
75%
402201
75%
406203
75%
420210
75%
424212
75%
446223
75%
452226
75%
464232
75%
466233
75%
522261
75%
5829
75%
6030
75%
630315
75%
640320
75%
646323
75%
690345
75%
694347
75%
802401
75%
806403
75%
848424
75%
868434
75%
882441
75%
906453
75%
920460
75%
9849
75%
980490
75%
1004502
75%
1020510
75%
10653
75%
1076538
75%
11256
75%
1140570
75%
1142571
75%
1144572
75%
1160580
75%
12060
75%
1206603
75%
1208604
75%
1222611
75%
1234617
75%
1242621
75%
1280640
75%
1284642
75%
1308654
75%
1438719
75%
1460730
75%
1466733
75%
1512756
75%
15276
75%
15879
75%
16080
75%
1618809
75%
1674837
75%
1678839
75%
1688844
75%
1888944
75%
1912956
75%
1928964
75%
1024512
73%
218109
71%
320160
71%
350175
71%
698349
71%
830415
71%
1098549
71%
1442721
71%
1490745
71%
1610805
71%
414207
70%
584292
70%
216108
67%
220110
67%
236118
67%
242121
67%
246123
67%
252126
67%
264132
67%
270135
67%
286143
67%
310155
67%
312156
67%
328164
67%
336168
67%
380190
67%
434217
67%
478239
67%
484242
67%
494247
67%
502251
67%
506253
67%
5226
67%
530265
67%
5427
67%
556278
67%
5628
67%
588294
67%
612306
67%
614307
67%
648324
67%
692346
67%
712356
67%
722361
67%
742371
67%
7839
67%
838419
67%
860430
67%
870435
67%
894447
67%
916458
67%
918459
67%
968484
67%
992496
67%
10050
67%
1000500
67%
1002501
67%
1010505
67%
1016508
67%
1028514
67%
1030515
67%
1056528
67%
1058529
67%
1060530
67%
1094547
67%
11055
67%
1118559
67%
11859
67%
1212606
67%
12663
67%
1266633
67%
1304652
67%
1318659
67%
13668
67%
1400700
67%
1410705
67%
1450725
67%
1456728
67%
1474737
67%
1514757
67%
1530765
67%
1550775
67%
1582791
67%
1602801
67%
1624812
67%
1636818
67%
16683
67%
1662831
67%
1668834
67%
1680840
67%
17085
67%
1714857
67%
17286
67%
1776888
67%
18291
67%
1844922
67%
324162
63%
810405
63%
8844
63%
1068534
63%
1204602
63%
1508754
63%
1608804
63%
1920960
63%
3015
60%
394197
60%
398199
60%
422211
60%
436218
60%
450225
60%
498249
60%
514257
60%
560280
60%
568284
60%
572286
60%
592296
60%
628314
60%
662331
60%
664332
60%
672336
60%
686343
60%
708354
60%
718359
60%
740370
60%
818409
60%
8241
60%
826413
60%
852426
60%
862431
60%
866433
60%
876438
60%
922461
60%
1040520
60%
1108554
60%
1238619
60%
1250625
60%
1268634
60%
1424712
60%
1434717
60%
1468734
60%
1498749
60%
15075
60%
1500750
60%
1510755
60%
1552776
60%
1644822
60%
1658829
60%
1660830
60%
16884
60%
1708854
60%
1736868
60%
1906953
60%
1940970
60%
296148
57%
356178
57%
382191
57%
388194
57%
472236
57%
622311
57%
676338
57%
724362
57%
790395
57%
850425
57%
872436
57%
944472
57%
1480740
57%
1652826
57%
1706853
57%
1808904
57%
1830915
57%
1916958
57%
368184
56%
832416
56%
254127
50%
268134
50%
272136
50%
280140
50%
290145
50%
308154
50%
318159
50%
344172
50%
354177
50%
364182
50%
386193
50%
396198
50%
444222
50%
458229
50%
470235
50%
474237
50%
476238
50%
480240
50%
512256
50%
526263
50%
532266
50%
540270
50%
544272
50%
562281
50%
574287
50%
602301
50%
606303
50%
618309
50%
626313
50%
636318
50%
638319
50%
654327
50%
670335
50%
680340
50%
684342
50%
688344
50%
706353
50%
716358
50%
734367
50%
736368
50%
750375
50%
752376
50%
7638
50%
822411
50%
842421
50%
874437
50%
878439
50%
888444
50%
912456
50%
932466
50%
940470
50%
950475
50%
976488
50%
1012506
50%
1014507
50%
1026513
50%
1034517
50%
1044522
50%
1052526
50%
1054527
50%
1064532
50%
1080540
50%
1102551
50%
1104552
50%
1120560
50%
1122561
50%
1128564
50%
1150575
50%
1152576
50%
1156578
50%
1164582
50%
1184592
50%
1210605
50%
1214607
50%
1218609
50%
1220610
50%
1244622
50%
1248624
50%
1274637
50%
1278639
50%
1286643
50%
1320660
50%
1336668
50%
1344672
50%
1352676
50%
1376688
50%
147
50%
1412706
50%
1414707
50%
14271
50%
1428714
50%
1444722
50%
1446723
50%
1452726
50%
1462731
50%
1464732
50%
1472736
50%
14874
50%
1494747
50%
1506753
50%
1518759
50%
1528764
50%
1540770
50%
1554777
50%
1558779
50%
15678
50%
1562781
50%
1568784
50%
1578789
50%
1584792
50%
1614807
50%
1616808
50%
1626813
50%
1632816
50%
1638819
50%
16482
50%
1670835
50%
1672836
50%
1676838
50%
1682841
50%
1690845
50%
1700850
50%
1730865
50%
1734867
50%
1746873
50%
1748874
50%
1750875
50%
1764882
50%
17889
50%
1784892
50%
1794897
50%
1800900
50%
1806903
50%
1810905
50%
1824912
50%
1836918
50%
1848924
50%
18693
50%
1866933
50%
1874937
50%
1876938
50%
1882941
50%
1896948
50%
1900950
50%
1908954
50%
1910955
50%
1934967
50%
1948974
50%
1964982
50%
1974987
50%
1978989
50%
1942971
45%
390195
44%
696348
44%
1380690
44%
226113
43%
238119
43%
520260
43%
538269
43%
586293
43%
616308
43%
678339
43%
780390
43%
896448
43%
926463
43%
1038519
43%
1084542
43%
1092546
43%
1198599
43%
1232616
43%
1312656
43%
1314657
43%
1346673
43%
1408704
43%
1526763
43%
1648824
43%
1650825
43%
1778889
43%
1796898
43%
1802901
43%
1856928
43%
232116
40%
536268
40%
552276
40%
704352
40%
746373
40%
768384
40%
788394
40%
890445
40%
928464
40%
934467
40%
946473
40%
952476
40%
1018509
40%
1042521
40%
1074537
40%
1078539
40%
1112556
40%
1166583
40%
1170585
40%
1294647
40%
1296648
40%
1406703
40%
1454727
40%
1522761
40%
1536768
40%
1538769
40%
1546773
40%
1570785
40%
1590795
40%
1612806
40%
1642821
40%
1664832
40%
1698849
40%
1728864
40%
1792896
40%
1814907
40%
1858929
40%
1870935
40%
1886943
40%
1922961
40%
1944972
40%
1960980
40%
418209
38%
632316
38%
714357
38%
910455
38%
1338669
38%
1340670
38%
1666833
38%
1904952
38%
19698
38%
784392
36%
262131
33%
274137
33%
316158
33%
326163
33%
338169
33%
342171
33%
348174
33%
358179
33%
372186
33%
378189
33%
392196
33%
492246
33%
504252
33%
576288
33%
582291
33%
624312
33%
652326
33%
702351
33%
710355
33%
728364
33%
778389
33%
782391
33%
796398
33%
824412
33%
846423
33%
856428
33%
954477
33%
956478
33%
9648
33%
964482
33%
970485
33%
984492
33%
1006503
33%
1022511
33%
1088544
33%
1124562
33%
1130565
33%
1148574
33%
1158579
33%
1162581
33%
1186593
33%
1196598
33%
1200600
33%
1246623
33%
1272636
33%
1276638
33%
1292646
33%
1298649
33%
13266
33%
1330665
33%
1358679
33%
1368684
33%
13869
33%
1384692
33%
1404702
33%
1416708
33%
1440720
33%
1470735
33%
1504752
33%
1520760
33%
1556778
33%
1574787
33%
1580790
33%
1588794
33%
1596798
33%
1630815
33%
1640820
33%
1646823
33%
1702851
33%
1724862
33%
1754877
33%
1790895
33%
1822911
33%
1832916
33%
1838919
33%
18492
33%
1846923
33%
1850925
33%
1852926
33%
1854927
33%
1892946
33%
1918959
33%
1924962
33%
1930965
33%
1966983
33%
1968984
33%
1984992
33%
1986993
33%
892446
30%
1036518
30%
438219
29%
454227
29%
668334
29%
1174587
29%
1258629
29%
1386693
29%
1390695
29%
1542771
29%
1560780
29%
1628814
29%
1970985
29%
298149
25%
516258
25%
580290
25%
682341
25%
758379
25%
774387
25%
834417
25%
898449
25%
938469
25%
962481
25%
988494
25%
990495
25%
998499
25%
1066533
25%
1106553
25%
1116558
25%
1154577
25%
1172586
25%
1236618
25%
1254627
25%
1256628
25%
1290645
25%
13467
25%
1348674
25%
1354677
25%
1398699
25%
1476738
25%
1492746
25%
1604802
25%
1606803
25%
1634817
25%
1684842
25%
1686843
25%
1694847
25%
1712856
25%
1726863
25%
1744872
25%
1756878
25%
1774887
25%
1782891
25%
1826913
25%
1842921
25%
1864932
25%
18894
25%
1880940
25%
1954977
25%
1980990
25%
278139
20%
294147
20%
376188
20%
542271
20%
546273
20%
674337
20%
720360
20%
858429
20%
884442
20%
914457
20%
936468
20%
942471
20%
966483
20%
1050525
20%
1126563
20%
1132566
20%
1180590
20%
1228614
20%
1362681
20%
1366683
20%
1392696
20%
1432716
20%
1448724
20%
1532766
20%
1548774
20%
1586793
20%
1622811
20%
1768884
20%
1828914
20%
1898949
20%
1956978
20%
462231
17%
794397
17%
1270635
17%
1436718
17%
1566783
17%
1710855
17%
1732866
17%
1772886
17%
1952976
17%
948474
14%
1194597
14%
1388694
14%
1496748
14%
1564782
14%
1902951
14%
1938969
14%
798399
13%
1136568
13%
1378689
13%
1762881
13%
1982991
13%
986493
11%
1188594
11%
276138
0%
322161
0%
334167
0%
340170
0%
346173
0%
366183
0%
374187
0%
384192
0%
416208
0%
4824
0%
496248
0%
528264
0%
548274
0%
554277
0%
558279
0%
566283
0%
570285
0%
594297
0%
596298
0%
598299
0%
608304
0%
610305
0%
656328
0%
658329
0%
726363
0%
732366
0%
738369
0%
748374
0%
756378
0%
762381
0%
764382
0%
766383
0%
772386
0%
776388
0%
786393
0%
792396
0%
816408
0%
836418
0%
864432
0%
924462
0%
958479
0%
972486
0%
974487
0%
978489
0%
982491
0%
994497
0%
996498
0%
10452
0%
1096548
0%
1134567
0%
1138569
0%
1146573
0%
1168584
0%
1176588
0%
1178589
0%
1182591
0%
1192596
0%
1224612
0%
1240620
0%
1288644
0%
1302651
0%
1306653
0%
1316658
0%
1322661
0%
1324662
0%
1326663
0%
1328664
0%
1332666
0%
1334667
0%
1342671
0%
1350675
0%
1356678
0%
1360680
0%
1370685
0%
1372686
0%
1374687
0%
1382691
0%
1394697
0%
1396698
0%
14070
0%
1418709
0%
1422711
0%
1426713
0%
1430715
0%
1458729
0%
1482741
0%
1486743
0%
1516758
0%
1524762
0%
1534767
0%
15477
0%
1544772
0%
1572786
0%
1576788
0%
1592796
0%
1594797
0%
1598799
0%
1692846
0%
1696848
0%
1716858
0%
1718859
0%
1722861
0%
1738869
0%
17487
0%
1740870
0%
1742871
0%
1752876
0%
1758879
0%
1760880
0%
1766883
0%
1770885
0%
1780890
0%
1786893
0%
1788894
0%
1798899
0%
1804902
0%
1816908
0%
1820910
0%
1860930
0%
1862931
0%
1868934
0%
1878939
0%
1890945
0%
1894947
0%
1914957
0%
1926963
0%
1932966
0%
1936968
0%
1958979
0%
1962981
0%
1972986
0%
1976988
0%
1988994
0%

Rozkład punktacji

Percentyl według liczby udzielonych odpowiedzi

Procent ludzi z każdym wynikiem

Twoja historia wyników

Nie rozwiązałeś tego quizu